000 nam a22 a 4500
999 _c3893
_d3893
005 20170524121121.0
008 170524b1989 N ||||| |||| 00| 0 eng d
020 _a0553282360
040 _aAKMAL
082 _a808.5'1 BER
090 _a808.5'1
_bBER
245 _aGET TO THE POINT
_bHOW TO SAY WHAT YOU MEAN AND GET WHAT YOU WANT
_cKAREN BERG/ ANDREW GILMAN
260 _aNEW YORK
_bKAREN BERG AND ANDREW GILMAN
_c1989
300 _c20 cm
599 _aDALAM PROSES
650 _aPUBLIC SPEAKING
_9488
942 _2ddc
_cBOOK